Les moules de monnaies impériales romaines : essai bibliographique /

Saved in:

Main Author: Jungfleisch, Marcel (Author)

Other Authors: Schwartz, Jacques.

Format: Book

Language: French

Published: Le Caire : Impr. de l'Institut français d'archéologie orientale, 1952.

Series: Supplement aux Annales du Service des Antiquites de l'Egypte ; 19.
SASAE ; 19.

Subjects:

Tags: Add Tag

No Tags, Be the first to tag this record!

Call Number: DT57 .A21 v.19

LEADER 00981namaa2200277 4500
001 18987
003 OSt
005 20260330102653.0
008 130303s1952 ua b 000 0 fre d
010 |a ne 63000265 
040 |c ARCE Library 
050 4 |a DT57 .A21 v.19 
100 1 |a Jungfleisch, Marcel,  |e author  |9 33434 
245 1 4 |a Les moules de monnaies impériales romaines :   |b essai bibliographique /   |c par Marcel Jungfleisch et Jacques Schwartz. 
264 1 |a Le Caire :   |b Impr. de l'Institut français d'archéologie orientale,   |c 1952. 
300 |a 35 pages ;   |c 28 cm. 
490 1 |a Supplement aux Annales du Service des Antiquites de l'Egypte ;   |v 19. 
490 1 |a SASAE ;   |v 19. 
504 |a Bibliographical footnotes. 
650 0 |a Numismatics, Roman  |v Bibliography. 
700 1 |a Schwartz, Jacques. 
830 0 |a Supplement aux Annales du Service des Antiquites de l'Egypte ;   |v 19. 
830 0 |a SASAE ;   |v 19. 
901 |a reviewed 
942 |c BK  |2 lcc 
999 |c 16020  |d 16020